Modern Indian Literature Poems Short Stories (Record no. 159132)

MARC details
000 -LEADER
fixed length control field 00723nam a22002177a 4500
005 - DATE AND TIME OF LATEST TRANSACTION
control field 20181204162148.0
006 - FIXED-LENGTH DATA ELEMENTS--ADDITIONAL MATERIAL CHARACTERISTICS--GENERAL INFORMATION
fixed length control field a|||||f|||| 00| 0
007 - PHYSICAL DESCRIPTION FIXED FIELD--GENERAL INFORMATION
fixed length control field tc
008 - FIXED-LENGTH DATA ELEMENTS--GENERAL INFORMATION
fixed length control field 180720b xxu||||| |||| 00| 0 eng d
010 ## - LCCN (DPL NO)
LC control number B-348033-B-348036
020 ## - INTERNATIONAL STANDARD BOOK NUMBER
Terms of availability 216.00(per set)
035 ## - SYSTEM CONTROL NUMBER
System control number B-348033
037 ## - SOURCE OF ACQUISITION
Source of stock number/acquisition A.I.C.B.
082 ## - DEWEY DECIMAL CLASSIFICATION NUMBER
Classification number 880
245 ## - TITLE STATEMENT
Title Modern Indian Literature Poems Short Stories
260 ## - PUBLICATION, DISTRIBUTION, ETC. (IMPRINT)
Place of publication, distribution, etc Delhi
Name of publisher, distributor, etc A.C.I.B.
Date of publication, distribution, etc N.D.
270 ## - ADDRESS
Address Sector-5, Rohini,
City New Delhi
Postal code 110085
300 ## - PHYSICAL DESCRIPTION
Extent 2V., various pages.
Dimensions 30cm(HB).
942 ## - ADDED ENTRY ELEMENTS (KOHA)
Source of classification or shelving scheme Dewey Decimal Classification
Item type Braille-Books-English
Classification part 880
Call number suffix MOD
Holdings
Withdrawn status Lost status Materials specified (bound volume or other part) Not for loan Collection code Home library Current library Date acquired Source of acquisition Cost, normal purchase price Full call number Barcode Copy number Koha item type
    V.- 1   Non-fiction Braille-Library Braille-Library 17/07/2009 2761/17-07-2009 216.00 880 MOD B-348033 1 Braille-Books-English
    V.- 2   Non-fiction Braille-Library Braille-Library 17/07/2009 2761/17-07-2009 216.00 880 MOD B-348034 1 Braille-Books-English
    V.- 1   Non-fiction Braille-Library Braille-Library 17/07/2009 2761/17-07-2009 216.00 880 MOD B-348035 1 Braille-Books-English
    V.- 2   Non-fiction Braille-Library Braille-Library 17/07/2009 2761/17-07-2009 216.00 880 MOD B-348036 1 Braille-Books-English

© Delhi Public Library
Hit Counter
free hit counter